| 000 | 00499cam a22001457a 4500 | ||
|---|---|---|---|
| 008 | 180718b1956 xxu||||| |||| 00| 0 eng d | ||
| 082 | _aB131x5461 R18 | ||
| 100 | _aRao, V.K.R.V. | ||
| 245 |
_aGreater Delhi:a study inurbanisation-1940-1957 _cby V.K.R.V. Rao and P.B. Desai |
||
| 260 |
_aBombay _bAsia _c1956 |
||
| 300 | _axxxiii,479p | ||
| 500 | _aInstitute of economic growth, Delhi | ||
| 650 | _aDelhi (Union Ter.) -Economic conditions.Delhi (India) -Economic conditions. | ||
| 700 | _aDesai, P.B. | ||
| 999 |
_c417921 _d417921 |
||